Saubersten Hauptstädte - Statistiken

Allgemein
  • Dieses Quiz wurde 322 mal gespielt
  • Das Durchschnittsergebnis liegt bei 5 aus 10
Antwortstatistiken
# Sauber Stadt Hint % Korrekt
1 Stockholm Europa
87%
8 Helsinki Europa
80%
3 Canberra Ozeanien
67%
4 Ottawa Nordamerika
66%
2 Wellington Ozeanien
60%
7 Tallinn Europa
49%
6 Montevideo Südamerika
43%
10 Madrid Europa
39%
9 Monaco Europa
39%
5 Edinburgh Europa
6%
Keine übereinstimmenden Quizze gefunden
Verteilung der Resultate
Anzahl Personen mit jedem Resultat
Perzentil nach korrekt beantworteten Fragen
Ihre Resultats-Entwicklung
Sie haben dieses Quiz noch nicht gespielt